Desastres naturales y zonas de riesgo en Centroamérica: condicionantes y opciones para su prevención y mitigación en Honduras /

Bewaard in:
Bibliografische gegevens
Hoofdauteur: Castañeda, Catherine de
Coauteur: UNAH. Dirección de Investigación Científica
Andere auteurs: Moncada, Carmen
Formaat: Texto
Gepubliceerd in: Tegucigalpa: UNAH
Tags: Voeg label toe
Geen labels, Wees de eerste die dit record labelt!

MARC

LEADER 00000 a a2200000 04500
001 22747
003
040
090 |a 156300  
100 |a Castañeda, Catherine de  
110 |a UNAH. Dirección de Investigación Científica  
245 |a Desastres naturales y zonas de riesgo en Centroamérica: condicionantes y opciones para su prevención y mitigación en Honduras /  |c Catherine de Castañeda 
260 |a Tegucigalpa:   |b UNAH  
300 |a 65 p; vol. IV  
700 |a Moncada, Carmen  
999 |c 10668  |d 10668